Niêm khuẩn trong men rượu tại Việt Nam
Shranjeno v:
| Glavni avtor: | |
|---|---|
| Format: | Knjiga |
| Jezik: | Undetermined |
| Izdano: |
Cần Thơ
Viện Đại Học Cần Thơ - Trường Cao Đẳng Nông Nghiệp
1973
|
| Teme: | |
| Oznake: |
Označite
Brez oznak, prvi označite!
|
| Thư viện lưu trữ: | Trung tâm Học liệu Trường Đại học Cần Thơ |
|---|
| LEADER | 00577nam a2200181Ia 4500 | ||
|---|---|---|---|
| 001 | CTU_33534 | ||
| 008 | 210402s9999 xx 000 0 und d | ||
| 082 | |a 579.565 | ||
| 082 | |b Â121 | ||
| 100 | |a Lê Hoài Ân | ||
| 245 | 0 | |a Niêm khuẩn trong men rượu tại Việt Nam | |
| 245 | 0 | |c Lê Hoài Ân | |
| 260 | |a Cần Thơ | ||
| 260 | |b Viện Đại Học Cần Thơ - Trường Cao Đẳng Nông Nghiệp | ||
| 260 | |c 1973 | ||
| 650 | |a yeast fungi | ||
| 904 | |i Minh, 991101 | ||
| 980 | |a Trung tâm Học liệu Trường Đại học Cần Thơ | ||